Die 10 beliebtesten BastiGHG Videos - Sudden Death - Statistiken

Allgemein
  • Dieses Quiz wurde 351 mal gespielt
    167 seit der letzten Aktualisierung
  • Das Durchschnittsergebnis liegt bei 2 aus 10
Answers on the Grid
Answers color-coded by a green-red scale on the quiz's grid according to % correct below.
24 Stunden Minecraft am Stück spielen (Was kann ich schaffen?)
Level = Border Größe (XXL Projekt Start)
24 Stunden am Stück Minecraft spielen (30 Sekunden = neues Item)
Ich kaufe mir Minecraft PVP Unterricht für 20€ (100% Eskalation)
Full Netherrite Beacon in 24 Stunden farmen 2.0
Jeder Spieler = Gefangen in Dimension
500 Blöcke laufen = zufälliges Item
8 Jahre alte Achievements in einem Video farmen (alle)
Alle 982 Minecraft Items farmen (neues XXL Projekt)
Jeder Chunk = 1 Block
Die extremste BastiGHG Challenge jemals (XXL Film)
Diese Challenge = 200% Verwirrung
Ich kann mir meine Stärken aussuchen (XXL OP Battle)
1.000.000 Abonnenten Special
BastiGHG vs. neue Endbosse ( 19 Stunden XXL Folge)
Schaden = Random Item
5 Minuten = neue Struktur (Ultra Hardcore)
24 Stunden Minecraft am Stück spielen (Alle Monster, alle Achievements, Alle Items)
Er kontrolliert meine Sprungkraft
30 Sekunden = neues Item (200 Spieler Wettrennen)
30 Sekunden = Neues Item (XXL Streamer Randomizer)
Der Nether breitet sich überall aus
Alles ist super random
3x3 Crafting -> 9x9 Crafting
2.000.000 Abonnenten Special
 
Antwortstatistiken
Antwort % Korrekt
3,7 Mio Level = Border Größe (XXL Projekt Start)
35%
3,4 Mio Full Netherrite Beacon in 24 Stunden farmen 2.0
25%
3,5 Mio Ich kaufe mir Minecraft PVP Unterricht für 20€ (100% Eskalation)
21%
5,9 Mio 24 Stunden Minecraft am Stück spielen (Was kann ich schaffen?)
19%
3,0 Mio Die extremste BastiGHG Challenge jemals (XXL Film)
19%
3,6 Mio 24 Stunden am Stück Minecraft spielen (30 Sekunden = neues Item)
18%
2,8 Mio Jeder Chunk = 1 Block
18%
3,1 Mio Jeder Spieler = Gefangen in Dimension
10%
3,0 Mio 500 Blöcke laufen = zufälliges Item
8%
2,9 Mio 8 Jahre alte Achievements in einem Video farmen (alle)
8%
Keine übereinstimmenden Quizze gefunden
Verteilung der Resultate
Anzahl Personen mit jedem Resultat
Perzentil nach korrekt beantworteten Fragen
Ihre Resultats-Entwicklung
Sie haben dieses Quiz seit der letzten Aktualisierung nicht gespielt